Eintracht Frankfurt players since 2000 - Statistics

General Stats
  • This quiz has been taken 37 times
  • The average score is 72 of 280
Answer Stats
Ranking Player Positions Nationality Matches Goals Assists Periods % Correct
38 Du-ri Cha RB 87 12 12 2003-2006
93%
2 Kevin Trapp GK 293 0 0 2012-2014, 2018-2025
93%
1 Alexander Meier CF 336 119 48 2004-2018
89%
5 Makoto Hasebe DM 235 2 5 2014-2024
85%
9 Timothy Chandler RB 167 9 12 2014-2025
85%
84 Hugo Ekitiké ST 47 19 10 2023-2025
81%
218 Kauã Santos GK 9 0 0 2024-2025
81%
48 Luka Jović ST 72 29 8 2017-2018, 2020-2021
81%
18 Filip Kostić LM 129 18 49 2018-2023
78%
54 Hugo Larsson CM 62 5 2 2023-2025
78%
26 Lukas Hradecky GK 101 0 0 2015-2018
78%
86 Omar Marmoush ST 46 27 16 2023-2025
78%
7 Sebastian Rode CM 214 13 15 2010-2013, 2018-2024
78%
56 Sébastien Haller ST 60 24 13 2017-2019
78%
60 André Silva ST 57 40 12 2019-2021
74%
30 Ansgar Knauff RW 97 13 12 2021-2025
74%
22 Daichi Kamada AM 127 20 29 2017-2018, 2019-2023
74%
14 David Abraham CB 139 4 5 2015-2021
74%
61 Ellyes Skhiri DM 57 3 4 2023-2025
74%
4 Oka Nikolov GK 259 0 1 2000-2013
74%
55 Robin Koch CB 61 5 0 2023-2025
74%
45 Ante Rebić LW 78 17 9 2016-2020
70%
24 Djibril Sow CM 120 7 8 2019-2023
70%
42 Mario Götze AM 86 9 6 2022-2025
70%
66 Farès Chaïbi AM 54 3 9 2023-2025
67%
13 Ioannis Amanatidis ST 140 42 12 2003-2004, 2005-2011
67%
3 Marco Russ CB 284 23 11 2004-2019
67%
28 Martin Hinteregger CB 101 12 5 2018-2022
67%
25 Mijat Gacinovic AM 116 3 8 2015-2020
67%
53 Rafael Borré ST 63 10 8 2021-2023
67%
118 Randal Kolo Muani ST 34 16 14 2022-2024
67%
81 Theofanis Gekas ST 48 23 3 2010-2012
67%
15 Tuta CB 136 9 3 2020-2025
67%
128 Jean-Mattéo Bahoya LW 32 2 3 2023-2025
63%
131 Arthur Theate CB 31 0 0 2024-2025
59%
27 Carlos Zambrano CB 101 0 1 2012-2016
59%
69 Gonçalo Paciência ST 52 13 5 2018-2019, 2021-2022
59%
41 Haris Seferovic ST 86 16 13 2014-2017
59%
151 Nathaniel Brown LB 26 3 7 2024-2025
59%
169 Oscar Højlund CM 20 1 0 2024-2025
59%
112 Bas Dost ST 36 12 4 2019-2021
56%
16 Evan Ndicka CB 134 10 7 2018-2023
56%
62 Jesper Lindstrøm RW 57 12 9 2021-2024
56%
63 Junior Dina Ebimbe RM 57 8 6 2022-2025
56%
213 Mahmoud Dahoud CM 9 1 1 2024-2025
56%
150 Nnamdi Collins CB 26 1 1 2023-2025
56%
20 Pirmin Schwegler DM 128 6 15 2009-2014
56%
134 Rasmus Kristensen RB 30 5 3 2024-2025
56%
123 Willian Pacho CB 33 0 2 2023-2024
56%
82 Aurélio Buta RB 48 4 5 2022-2024
52%
59 Aymen Barkok AM 58 4 6 2016-2017, 2020-2022
52%
168 Can Uzun AM 20 4 2 2024-2025
52%
58 Gelson Fernandes DM 58 1 0 2017-2020
52%
36 Martin Fenin ST 90 14 14 2007-2012
52%
75 Sotiris Kyrgiakos CB 51 8 0 2006-2008
52%
65 Kristijan Jakic DM 54 2 2 2021-2024
48%
99 Naohiro Takahara ST 38 12 1 2006-2008
48%
10 Sebastian Jung RB 148 4 14 2008-2014
48%
47 Takashi Inui LW 75 7 16 2012-2016
48%
57 Almamy Touré CB 60 2 5 2018-2023
44%
220 Aurèle Amenda CB 8 0 0 2024-2025
44%
110 Jens Petter Hauge LW 36 2 2 2021-2022, 2023-2024
44%
85 Jetro Willems CB 46 0 3 2017-2019
44%
71 Jonathan de Guzmán CM 52 3 10 2017-2020
44%
129 Kevin-Prince Boateng AM 31 6 1 2017-2018
44%
44 Marc Stendera CM 78 5 9 2012-2019
44%
8 Patrick Ochs RB 202 5 31 2004-2011
44%
37 Caio AM 88 8 2 2007-2012
41%
12 Chris CB 145 11 9 2003-2011
41%
244 Jens Grahl GK 3 0 1 2021-2022, 2023-2024
41%
148 Mohamadou Idrissou ST 26 14 6 2011-2012
41%
104 Omar Mascarell DM 37 1 0 2016-2018
41%
115 Ajdin Hrustić AM 34 3 0 2020-2022
37%
114 Branimir Hrgota ST 35 5 3 2016-2019
37%
149 Carlos Salcedo CB 26 0 0 2017-2019
37%
40 Danny da Costa CB 87 4 12 2017-2022
37%
257 Diant Ramaj GK 2 0 0 2021-2023
37%
239 Elias Baum RB 4 0 0 2023-2024
37%
43 Jermaine Jones DM 84 12 11 2000-2007
37%
164 Lucas Alario ST 20 1 0 2022-2023
37%
130 Marius Wolf RB 31 5 9 2016-2018
37%
198 Paxten Aaronson AM, CM 14 0 2 2022-2024
37%
119 Philipp Max LB 33 1 5 2022-2024
37%
167 Steven Zuber AM 20 0 3 2020-2021
37%
11 Bastian Oczipka LB 146 2 22 2012-2017
33%
6 Benjamin Köhler LM 229 32 31 2004-2013
33%
96 Christopher Lenz LB 40 0 3 2021-2024
33%
19 Christoph Spycher LB 129 0 3 2005-2010
33%
236 Dejan Joveljić ST 4 0 0 2019-2020
33%
107 Erik Durm RB 37 1 3 2019-2022
33%
204 Frederik Rönnow GK 11 0 0 2018-2020
33%
166 Hrvoje Smolcic CB 20 1 0 2022-2024
33%
153 Jesús Vallejo CB 25 1 1 2016-2017
33%
90 Marco Fabián AM 43 8 7 2015-2019
33%
141 Slobodan Medojevic DM 29 1 0 2014-2015, 2017-2018
33%
137 Taleb Tawatha LB 30 0 1 2016-2019
33%
98 Alexander Madlung CB 38 6 0 2013-2015
30%
221 Elye Wahi ST 8 0 0 2024-2025
30%
186 Lucas Torró DM 15 0 0 2018-2020
30%
125 Mehdi Mahdavikia RW 32 0 2 2007-2009
30%
95 Niels Nkounkou LB 41 3 3 2023-2025
30%
23 Stefan Aigner RW 121 25 25 2012-2016
30%
72 Stefan Ilsanker DM 51 3 1 2019-2022
30%
133 Szabolcs Huszti LM 30 3 4 2015-2017
30%
274 Cenk Tosun ST 1 0 0 2009-2010
26%
120 Dominik Kohr CB 33 0 3 2019-2021
26%
70 Karim Matmour RW 52 7 5 2011-2013
26%
185 Luca Waldschmidt ST 15 0 1 2014-2016
26%
209 Michy Batshuayi ST 10 3 0 2024-2025
26%
189 Sam Lammers ST 15 1 0 2021-2022
26%
163 Tranquillo Barnetta AM 22 1 3 2013-2014
26%
139 Vaclav Kadlec ST 30 6 4 2013-2016
26%
103 Aleksandar Ignjovski DM 38 0 3 2014-2016
22%
21 Christoph Preuß DM 128 10 8 2000-2001, 2003-2004, 2005-2007, 2009-2010
22%
49 Constant Djakpa LB 71 1 6 2011-2016
22%
35 Ervin Skela AM 92 26 19 2001-2004
22%
196 Felix Wiedwald GK 14 0 0 2013-2014, 2019-2020
22%
223 Guillermo Varela RB 7 0 0 2016-2017
22%
183 Igor Matanovic ST 16 1 0 2024-2025
22%
101 Johannes Flum CM 38 3 3 2013-2016
22%
156 Joselu ST 24 9 2 2013-2014
22%
215 Luca Pellegrini LB 9 0 0 2022-2023
22%
210 Nelson Valdez ST 10 1 0 2014-2015
22%
224 Nicolai Müller AM 7 2 0 2018-2019
22%
175 Ralf Fährmann GK 18 0 0 2009-2011
22%
201 Rob Friend ST 13 1 0 2011-2012
22%
160 Srdjan Lakic ST 22 4 1 2012-2014
22%
246 Timo Hildebrand GK 3 0 0 2014-2015
22%
29 Aleksandar Vasoski CB 98 3 2 2004-2011
19%
17 Alexander Schur DM 130 12 11 2000-2006
19%
152 Amin Younes LW 26 3 3 2020-2021
19%
144 Faton Toski AM 27 3 2 2006-2009
19%
80 Halil Altıntop AM 49 3 5 2009-2011
19%
89 Junichi Inamoto DM 43 0 1 2007-2009
19%
159 Lucas Piazón AM 22 2 2 2014-2015
19%
230 Marc Oliver Kempf CB 5 0 0 2012-2014
19%
34 Markus Pröll GK 93 0 1 2003-2009
19%
158 Michael Hector CB 22 1 0 2016-2017
19%
165 Ragnar Ache ST 20 1 1 2020-2022
19%
113 Simon Falette CB 35 1 0 2017-2020
19%
124 Aarón Galindo CB 32 0 0 2007-2009
15%
91 Arie van Lent ST 43 16 6 2004-2006
15%
67 Benjamin Huggel DM 53 1 3 2005-2007
15%
266 Dominik Schmidt CB 1 0 0 2011-2012
15%
145 Georgios Tzavellas CB 27 1 3 2010-2012
15%
172 Luc Castaignos ST 19 4 3 2015-2016
15%
76 Maik Franz CB 50 6 1 2009-2011
15%
106 Martin Lanig DM 37 4 2 2012-2015
15%
214 Mounir Chaftar LB 9 0 0 2005-2008
15%
173 Olivier Occéan ST 18 1 1 2012-2013
15%
74 Sonny Kittel AM 51 3 2 2010-2012, 2014-2016
15%
100 Stefano Celozzi RB 38 0 3 2012-2014
15%
234 Tobias Weis CM 4 0 0 2013-2014
15%
33 Albert Streit RW 93 6 22 2000-2002, 2006-2008
11%
205 Andreas Möller AM 11 0 0 2003-2004
11%
264 Aykut Özer GK 1 0 0 2012-2013
11%
31 Bamba Anderson CB 95 1 4 2011-2015
11%
194 Faride Alidou LW 15 0 1 2022-2023
11%
229 Jan Zimmermann GK 5 0 0 2005-2006, 2008-2010
11%
211 Juvhel Tsoumou ST 10 1 0 2008-2010
11%
78 Markus Beierle ST 50 13 5 2002-2005
11%
231 Sasa Kalajdzic ST 5 0 1 2023-2024
11%
142 Torben Hoffmann CB 29 4 1 2004-2005
11%
83 Ümit Korkmaz LW 48 4 6 2008-2012
11%
32 Uwe Bindewald CB 94 2 1 2000-2004
11%
207 Vangelis Mantzios ST 10 1 1 2007-2008
11%
179 Zlatan Bajramovic DM 17 0 0 2008-2010
11%
212 Alexander Huber RB 10 0 1 2004-2005, 2006-2007
7%
182 Christian Lenze CM 16 2 3 2004-2005
7%
122 Christopher Reinhard LB 33 2 6 2004-2007
7%
140 Daniyel Cimen CB 29 1 2 2002-2003, 2004-2007
7%
178 Danny Blum LW 17 2 1 2016-2019
7%
180 Dino Toppmöller ST 16 3 1 2002-2003
7%
242 Dominik Stroh-Engel ST 3 0 0 2005-2006
7%
219 Donny van de Beek CM 8 0 0 2023-2024
7%
109 Erwin Hoffer ST 36 10 5 2011-2013
7%
155 Francisco Copado CF 25 6 7 2005-2007
7%
157 Habib Bellaïd CB 23 0 0 2008-2009, 2011-2012
7%
184 Heiko Butscher CB 15 0 3 2011-2013
7%
261 Heinz Lindner GK 2 0 0 2016-2017
7%
117 Horst Heldt AM 34 5 12 2000-2001
7%
92 Jean-Clotaire Tsoumou-Madza CB 42 3 1 2002-2004
7%
263 Julian Dudda CB 1 0 0 2010-2011
7%
188 Jurica Puljiz CB 15 1 0 2003-2004
7%
249 Kaan Ayhan CB 2 0 0 2015-2016
7%
228 Léonard Kweuke ST 6 0 0 2008-2009
7%
116 Marcel Heller RM 34 2 1 2006-2007, 2009-2011
7%
259 Marcel Titsch Rivero CM 2 0 0 2009-2011
7%
105 Marko Rehmer RB 37 2 1 2005-2007
7%
94 Markus Steinhöfer RB 41 3 11 2008-2011
7%
171 Mehmet Dragusha LM 19 1 1 2003-2005
7%
39 Michael Fink CB 87 8 7 2006-2009
7%
108 Michael Thurk ST 36 4 2 2006-2008
7%
222 Nacho Ferri ST 8 1 0 2023-2024
7%
146 Nico Frommer ST 26 2 3 2003-2005
7%
79 Nikolaos Lyberopoulos ST 50 10 3 2008-2010
7%
199 Peter Németh CM 13 0 0 2001-2002
7%
190 Ricardo Clark CM 15 0 0 2009-2012
7%
52 Rolf-Christel Guié-Mien RW 66 14 9 2000-2003
7%
154 Sasa Ciric ST 25 11 1 2000-2002
7%
262 Stefan Bell CB 2 0 0 2011-2012
7%
64 Stefan Lexa RW 56 2 9 2003-2006
7%
192 Stefan Reinartz DM 15 1 1 2015-2016
7%
203 Stephan Schröck LM 12 0 0 2013-2014
7%
208 Yanni Regäsel DM 10 0 0 2015-2016
7%
162 Alexander Kutschera CB 22 1 0 2000-2001
4%
225 Alexander Rosen DM 6 0 0 2000-2002
4%
269 Alexander Wulf LB 1 0 0 2008-2009
4%
237 Allan DM 4 0 0 2018-2019
4%
235 Andersson Ordóñez CB 4 0 0 2016-2017
4%
46 Andree Wiedener LB 76 1 1 2001-2006
4%
216 Änis Ben-Hatira RW 9 1 2 2015-2016
4%
253 Bachirou Salou ST 2 0 0 2000-2001
4%
181 Bakary Diakité CF 16 3 0 2002-2003
4%
88 Chen Yang ST 44 9 11 2000-2002
4%
279 Dario Gebuhr CB 1 0 0 2022-2023
4%
233 David Kinsombi CB 4 0 0 2014-2016
4%
138 David Montero DM 30 3 1 2002-2004
4%
87 Dirk Heinen GK 45 0 0 2000-2002
4%
254 Dorge Kouemaha ST 2 0 0 2012-2013
4%
276 Elias Bördner GK 1 0 0 2020-2021
4%
256 Erol Bulut LB 2 0 0 2000-2001
4%
265 Franciel ST 1 0 0 2002-2003
4%
73 Gerd Wimmer RB 51 1 9 2000-2002
4%
202 Geri Cipi CB 13 0 0 2003-2004
4%
251 Giovanni Speranza AM 2 0 0 2001-2002
4%
195 Giuseppe Gemiti LB 15 0 1 2000-2002
4%
121 Gordon Schildenfeld CB 33 1 2 2011-2012
4%
68 Henning Bürger LM 53 1 10 2002-2004
4%
187 Ingo Hertzsch CB 15 1 0 2003-2004
4%
170 Jae-won Sim CB 19 0 1 2001-2002
4%
197 Jan Åge Fjørtoft ST 14 3 1 2000-2001
4%
174 Jan Rosenthal CF 18 2 1 2013-2014
4%
77 Jens Keller CB 50 3 1 2002-2005
4%
111 Jens Rasiejewski DF 36 2 1 2000-2002
4%
193 Jessic Ngankam ST 15 0 0 2023-2024
4%
241 Joel Gerezgiher AM 3 0 0 2015-2016
4%
102 Karel Rada CB 38 0 1 2000-2002
4%
277 Kevin Kraus CB 1 0 0 2010-2011
4%
227 Kreso Ljubicic DM 6 0 0 2007-2009
4%
206 Lars Weißenfeldt RB 11 0 0 2002-2004
4%
278 Marcel Wenig CM 1 0 0 2022-2023
4%
126 Marco Gebhardt LM 32 3 5 2000-2002
4%
275 Marcos Álvarez ST 1 0 0 2009-2010
4%
271 Marijan Cavar CM 1 0 0 2017-2018
4%
280 Marko Mladenovic AM 1 0 0 2023-2024
4%
177 Markus Husterer CB 17 0 0 2004-2005
4%
135 Markus Kreuz LM 30 1 2 2003-2004
4%
191 Markus Lösch DM 15 0 1 2000-2001
4%
51 Markus Weissenberger AM 69 4 10 2004-2008
4%
250 Martin Amedick CB 2 0 0 2011-2012
4%
270 Martin Hess DF 1 0 0 2007-2008
4%
245 Marvin Bakalorz DM 3 0 0 2013-2014
4%
147 Matthias Lehmann DM 26 0 1 2011-2012
4%
243 Max Besuschkow CM 3 0 0 2016-2017
4%
136 Michael Mutzel DM 30 0 1 2000-2002
4%
226 Michael Wenczel CB 6 0 0 2001-2003
4%
255 Nascimento CB 2 0 0 2003-2004
4%
268 Nico Rinderknecht DM 1 0 0 2015-2016
4%
217 Nikola Petković CB 9 0 0 2008-2011
4%
50 Pawel Kryszalowicz ST 71 25 14 2000-2003
4%
176 Petar Hubchev DF 18 0 0 2000-2001
4%
272 Peter Deißenberger CM 1 0 0 2000-2001
4%
273 Ralf Schmitt ST 1 0 0 2000-2001
4%
143 Selim Teber CM 29 1 3 2009-2010
4%
93 Serge Branco RB 42 3 5 2000-2003
4%
200 Shani Tarashaj CF 13 1 0 2016-2017
4%
260 Stefan Zinnow RM 2 0 0 2000-2001
4%
240 Stephen Famewo ST 3 1 0 2001-2002
4%
97 Sven Günther DM 39 0 1 2002-2004
4%
258 Sven Schmitt GK 2 0 0 2000-2001
4%
238 Thomas Kessler GK 4 0 0 2011-2012
4%
132 Thomas Reichenberger ST 31 6 3 2000-2002
4%
161 Thomas Sobotzik AM 22 2 3 2000-2001
4%
247 Tommy Berntsen CB 3 0 0 2000-2001
4%
127 Torsten Kracht CB 32 1 0 2000-2001
4%
232 Vadim Demidov CB 5 0 0 2012-2013
4%
252 Vivian CB 2 0 0 2002-2003
4%
248 Vladimir Maljkovic CB 3 0 0 2000-2001
4%
267 Yilmaz Bal (Örtülü) ST 1 0 0 2001-2002
4%
No matching quizzes found
Score Distribution
Percent of People with Each Score
Percentile by Number Answered
Your Score History
You have not taken this quiz